[Event "RUS-ch Rapid 2021"]
[Site "Sochi"]
[Date "2021.10.13"]
[Round "10.6"]
[White "Riazantsev, Alexander"]
[Black "Belozerov, Andrei"]
[Result "1/2-1/2"]
[WhiteElo "2634"]
[BlackElo "2476"]
[Annotator "TA"]
[PlyCount "120"]
[EventDate "2021.10.12"]
[EventType "swiss"]
[EventCountry "RUS"]
[SourceTitle "playchess.com"]
[Source "ChessBase"]
[SourceQuality "1"]

{[%evp 21,120,29,24,24,33,19,59,21,18,14,19,18,29,12,27,20,29,28,20,14,47,39,69,69,73,71,92,89,97,97,91,96,91,91,78,77,77,81,87,87,108,91,106,10,119,6,10,8,9,4,5,2,6,0,0,0,0,0,0,0,0,0,14,14,50,49,43,37,35,33,44,44,46,15,17,0,56,0,18,0,2,0,0,0,0,0,0,0,0,0,0,0,0,0,0,0,0,0,0,0,0]} 1. d4 d5 2. c4 c6 3. Nc3 Nf6 4. e3 e6 5. Bd3 dxc4 6. Bxc4 c5 7. Nf3 a6 8. O-O b5 9. Be2 Bb7 10. dxc5 Bxc5 11. Qxd8+ Kxd8 12. Nd2 {D27: Queen's Gambit Accepted: Classical main line: 7 e4!? and 7 a4.} Ke7 {12...Bd6 is the modern continuation.} 13. Nb3 Bb4 {[#]} 14. a4 $146 {White is slightly better.} ({Predecessor:} 14. Bd2 Rd8 15. Rfd1 Nbd7 16. a3 Bxc3 17. Bxc3 Bd5 18. Na5 Rac8 19. f3 Nb6 20. e4 Ba8 21. Bb4+ {1-0 (52) Lysyj,I (2603)-Rozhkov,V (2248) Chess.com INT 2021}) 14... bxa4 15. Nxa4 Nbd7 16. f3 Rhc8 17. e4 a5 18. Be3 Ba6 19. Bxa6 Rxa6 20. Nd4 Ne5 21. Rfc1 Raa8 22. Nb6 Rxc1+ 23. Rxc1 Ra6 24. Rc7+ Kd8 25. Rc8+ Ke7 {[#]} 26. Nc6+ $1 Nxc6 27. Rxc6 Ke8 28. Rc8+ Ke7 29. Rc7+ Ke8 30. Rb7 Bd6 31. Nc4 {And now e5 would win.} Nd7 32. Bd4 (32. Ra7 $16 Rc6 33. Nxd6+ (33. Nxa5 Rc2 $14) 33... Rxd6 34. Rxa5) 32... f6 {[#]} (32... Bf8 $11) 33. Nxd6+ (33. Ra7 $1 $16 {[%cal Ra7a6]} Rc6 34. Nxd6+ (34. Nxa5 Rc1+ 35. Kf2 Bxh2 $11) 34... Rxd6 35. Bc3) 33... Rxd6 $16 {[%mdl 4096] Endgame KRB-KRN} 34. Bc3 Ra6 $1 35. Kf2 a4 36. Bb4 Rc6 {...Rc2+ is the strong threat.} 37. Ba3 Rc2+ 38. Kg3 g5 39. Ra7 h5 40. h4 gxh4+ 41. Kh3 Rc4 42. Kxh4 {Black should prevent Ra8+.} Rc2 43. Kg3 Rc4 44. Kh3 Rd4 45. Kh4 Rd2 46. Kg3 Rd4 47. Kf4 Rd2 48. Kg3 Rd4 $1 49. Kh4 Rd2 {The position is equal.} 50. Rxa4 {Black must now prevent Ra6.} (50. Ra8+ {looks sharper.} Kf7 51. Kg3 Rd4 52. Rh8 Kg6 53. Re8) 50... Rxg2 51. Kxh5 Ne5 {[%cal Rg2h2]} 52. Ra8+ Kf7 {[%cal Rg2h2]} 53. Ra7+ Kg8 {[%cal Rg2h2]} 54. Ra8+ Kg7 {[%cal Rg2h2]} (54... Kf7 {with more complications.}) 55. Ra7+ Kg8 {[%cal Rg2h2]} 56. Ra8+ Kg7 {[%cal Rg2h2]} 57. Ra7+ Kg8 {[%cal Rg2h2]} 58. Ra8+ Kg7 {[%cal Rg2h2]} 59. Ra7+ Kg8 {[%cal Rg2h2]} 60. Ra8+ Kg7 {[%cal Rg2h2] Weighted Error Value: White=0.12/Black=0.10} 1/2-1/2

[Event "RUS-ch Rapid 2021"]
[Site "Sochi"]
[Date "2021.10.13"]
[Round "10.7"]
[White "Dreev, Aleksey"]
[Black "Popov, Valerij"]
[Result "1/2-1/2"]
[WhiteElo "2635"]
[BlackElo "2537"]
[Annotator "TA"]
[PlyCount "117"]
[EventDate "2021.10.12"]
[EventType "swiss"]
[EventCountry "RUS"]
[SourceTitle "playchess.com"]
[Source "ChessBase"]
[SourceQuality "1"]

{[%evp 13,117,-14,4,-35,0,-11,44,10,79,49,99,-12,0,-49,-31,-18,-13,-11,0,0,0,-267,-254,-219,-149,-151,-138,-216,-237,-246,-217,-225,-224,-216,-127,-197,-198,-192,-191,-201,-195,-189,-195,-287,-196,-204,-213,-231,-235,-218,-236,-396,-246,-258,-201,-196,30,-600,-266,-316,-308,-297,-298,-523,-230,-343,-225,-214,80,0,0,0,2,-28,-44,-47,-52,-35,0,-149,-134,-297,-297,-334,-334,-5591,-5583,-1160,-334,-334,0,0,0,0,0,0,0,0,0,0,0,0,0,0,0,0]} 1. d4 d5 2. Nf3 Nf6 3. c4 e6 4. Nc3 c6 5. g3 dxc4 6. Bg2 b5 7. Ne5 Nd5 {7...a6 deserves study.} 8. a4 {E04: Open Catalan: 5 Nf3.} f6 9. Nf3 Bb7 ({Black should try} 9... b4 $11 10. Ne4 Nd7) 10. O-O {[%mdl 1024] White has compensation.White is slightly better.} (10. e4 $5 {[%cal Re4d5]} Nxc3 11. bxc3 $11) 10... Nd7 {[#]} (10... b4 $1 $11 11. Nb1 c5) 11. Bh3 $146 ({Predecessor:} 11. e4 Nxc3 12. bxc3 Nb6 13. axb5 cxb5 14. Qe2 Be7 15. h4 O-O 16. Ba3 Bxa3 17. Rxa3 {0-1 (44) Lutsko,I (2489)-Shuraev,A (2392) St Petersburg 2006}) 11... Kf7 12. Ne4 (12. e4 $16 Nxc3 13. bxc3) 12... Be7 $11 13. Bd2 a5 14. b3 cxb3 15. Qxb3 b4 16. Rac1 Qb6 17. Neg5+ $2 {[%mdl 8192]} fxg5 $19 18. e4 Nc7 19. Bxg5 Rhe8 20. Be3 (20. Bf4 $17 Kf8 21. Rfd1) 20... Rad8 21. Rfd1 c5 22. Bf4 Bf6 23. Nd2 {[#] Threatening Nc4.} Qc6 (23... Bxd4 $2 24. Nc4 $18) (23... Nd5 $1 $19 24. exd5 Bxd5) 24. Nc4 (24. Bg2 $17 g5 25. Nc4 gxf4 26. Nxa5) 24... Nb6 $1 (24... Bxd4 $2 25. Rxd4 $1 {[%mdl 512]} cxd4 26. Nd6+ Qxd6 27. Bxd6 $18) 25. Nxa5 Qxe4 {[%csl Gb7][%cal Re4h1]} 26. Nxb7 Qxb7 27. dxc5 Nbd5 28. Bd6 (28. Bg2 $142) 28... Qc6 29. Bg2 Bc3 30. Rd3 Kg8 31. Rcd1 Kh8 32. f4 $2 (32. Re3) 32... g6 33. h4 Ra8 34. h5 Qxa4 $2 ({But not} 34... gxh5 35. f5 $11) (34... Rad8 $19 35. Qa2 Rxd6 36. cxd6 Qxd6) 35. Qc4 $2 {[%mdl 8192] [#]} (35. Qxa4 $11 Rxa4 36. Bxc7) 35... Qa2 (35... Ne3 $142 $1 {[%mdl 512]} 36. Be5+ Kg8) 36. Qe4 {[#]} Nf6 $1 37. Be5 Ncd5 {And now ...Kg8 would win.} 38. h6 $2 (38. hxg6 Qc2 39. R1d2 (39. Rxd5 $2 Qxe4 40. Bxf6+ Bxf6 $19) 39... Bxe5 40. Rxc2 Nxe4 41. Bxe4) 38... Qa7 (38... Kg8 $142 39. Qf3 Qc4 40. Bxf6 Nxf6) 39. Qc4 (39. Rxc3 {only move.} Nxc3 40. Bxf6+ Kg8 41. Bxc3 bxc3 42. Qe3) 39... Rac8 40. Rxc3 bxc3 $2 ({Black should play} 40... Nxc3 $19 41. Bxf6+ Kg8 42. Bxc3 bxc3 43. Qxc3 Qxc5+ 44. Qxc5 Rxc5) 41. Bxd5 (41. Rxd5 $16 exd5 42. Bxf6+ Kg8 43. Bxd5+ Kf8 44. Bg7+ Ke7 45. Bd4 {[%mdl 64] Decoy}) 41... exd5 $11 42. Bxf6+ Kg8 43. Qxd5+ (43. Rxd5 {keeps more tension.} Qf7 44. Bxc3 Qe6 45. Kh2 Ra8 46. c6) 43... Qf7 {Strongly threatening ...Re1+!} 44. Bxc3 {Qd4 is the strong threat.} Qxd5 45. Rxd5 $15 {[%mdl 4096] Endgame KRR-KRB} Re3 46. Bd4 (46. Be5 $11 Rxg3+ 47. Kh2) 46... Rxg3+ $17 47. Kh2 $2 (47. Kf2 $17 Rh3 48. Rd7) 47... Rd3 $19 48. Kg2 Ra8 {aiming for ...Ra2+.} 49. Kf2 $2 (49. Rd6) 49... Ra2+ 50. Ke1 Rad2 $2 (50... Rb3 {[%cal Rb3b1]} 51. Be5 Rh3) 51. c6 {[#] Hoping for c7.} Rxd4 $2 (51... Rc2 $1 $19 52. Rd7 Rh3) 52. c7 $11 {The position is equal.} Rxd5 53. c8=Q+ {KQ-KRR} Kf7 54. Qh8 Rd1+ 55. Ke2 R5d2+ 56. Ke3 Rd3+ 57. Ke4 Rd4+ 58. Ke3 R1d3+ 59. Ke2 {And White is the lucky defender.  Weighted Error Value: White=0.73/Black=0.63} 1/2-1/2

[Event "RUS-ch Rapid 2021"]
[Site "Sochi"]
[Date "2021.10.13"]
[Round "10.9"]
[White "Iljiushenok, Ilia"]
[Black "Murzin, Volodar"]
[Result "0-1"]
[WhiteElo "2554"]
[BlackElo "2513"]
[Annotator "TA"]
[PlyCount "70"]
[EventDate "2021.10.12"]
[EventType "swiss"]
[EventCountry "RUS"]
[SourceTitle "playchess.com"]
[Source "ChessBase"]
[SourceQuality "1"]

{[%evp 10,70,17,13,8,0,6,0,0,0,0,-16,8,14,0,7,3,9,18,24,49,45,55,22,43,0,0,0,14,0,8,-54,-85,-112,-119,-105,-100,-116,-110,-116,-110,-341,-327,-462,-493,-485,-482,-487,-471,-477,-475,-481,-426,-522,-514,-589,-598,-593,-592,-593,-512,-639,-618]} 1. e4 c6 2. d4 d5 3. e5 Bf5 4. c4 e6 5. Nc3 Ne7 6. a3 Nd7 {B12: Caro-Kann: Advance Variation.} 7. cxd5 cxd5 8. h4 {[#] Threatens to win with g4.} h6 {[#] The position is equal.} 9. g4 $146 {Nb5 is the strong threat.} ({Predecessor:} 9. Bd3 a6 10. Nge2 b5 11. Nf4 Bxd3 12. Qxd3 h5 13. a4 b4 14. Nce2 a5 15. Ng3 {1-0 (40) Fogarasi,T (2367)-Poetsch,K (2093) Bayern 2011}) 9... Bh7 10. h5 Nc6 11. Bd3 Bxd3 12. Qxd3 Qb6 13. Nge2 Be7 14. f4 O-O-O 15. b4 Kb8 16. Be3 Rc8 17. f5 Qd8 $1 18. O-O Bg5 19. Nb5 a6 20. Nbc3 ({Better is} 20. Bxg5 $1 $11 Qxg5 21. Nd6 Qxg4+ 22. Kf2) 20... Ndxe5 $1 $15 21. Bxg5 {aiming for Bf4.} Nxd3 22. Bxd8 Rhxd8 23. fxe6 fxe6 24. Rf7 e5 25. Rd1 $2 {Loses the game.} (25. b5 $17 {was the only defense.} axb5 26. Nxb5) 25... exd4 $19 26. Nxd4 (26. Na4 $142 Nde5 27. Rff1) 26... Nce5 {[%mdl 64] [#] Double Attack. Black is clearly winning.} ({Weaker is} 26... Nxd4 27. Rxd3 Rc4 28. Rf4 $17) 27. Rxd3 Nxf7 ({Less strong is} 27... Nxd3 28. Nce2 $19) 28. Nce2 Ne5 29. Rg3 Nc6 30. Ne6 Rd7 31. N2f4 d4 32. Nd3 Re8 33. Nec5 Rf7 34. g5 Rf5 35. g6 Re7 {Weighted Error Value: White=0.31/Black=0.07} 0-1

[Event "RUS-ch Rapid 2021"]
[Site "Sochi"]
[Date "2021.10.13"]
[Round "10.12"]
[White "Zakaryan, David"]
[Black "Triapishko, Alexandr"]
[Result "0-1"]
[WhiteElo "2283"]
[BlackElo "2506"]
[Annotator "TA"]
[PlyCount "200"]
[EventDate "2021.10.12"]
[EventType "swiss"]
[EventCountry "RUS"]
[SourceTitle "playchess.com"]
[Source "ChessBase"]
[SourceQuality "1"]

{[%evp 14,199,29,31,45,20,17,-1,62,21,55,41,56,49,71,56,54,48,53,32,35,35,42,35,40,30,48,45,40,16,31,22,40,23,48,32,40,32,32,29,27,29,23,26,36,18,52,46,56,12,16,0,0,0,10,10,10,13,0,0,0,0,0,0,0,0,0,0,0,-4,-2,-5,-4,-4,-7,-27,-20,-122,-105,-144,-127,-182,-147,-341,-322,-282,-280,-229,-188,-177,-78,-75,-75,-2233,-294,-264,-283,-273,-265,-227,-250,-240,-154,-148,-164,-143,-29,-30,-29,-59,-31,-51,-36,-83,-29,-33,-36,-978,-972,-373,-762,-502,-57,-84,-8,-8,-8,-347,-334,-2906,-2971,-2218,-816,-29974,-29974,-29974,-29975,-29975,-29976,-29978,-29976,-29976,-29977,-29982,-29978,-29976,-29977,-29977,-29978,-29977,-29979,-29977,-29980,-29980,-29981,-29981,-29981,-29981,-29982,-29982,-29983,-29984,-29985,-29986,-29986,-29988,-29989,-29989,-29990,-29990,-29991,-29991,-29992,-29993,-29994,-29994,-29994,-29996,-29995,-29996,-29996,-29996,-29997,-29997,-29998,-29998,-29999,-29999]} 1. d4 Nf6 2. c4 e6 3. Nf3 d5 4. Bg5 Bb4+ 5. Nc3 h6 6. Bxf6 Qxf6 7. Qa4+ Nc6 8. e3 O-O {D38: Queen's Gambit Declined: Ragozin Defence (4 Nf3 Bb4).} 9. Rc1 Rd8 10. a3 Bf8 (10... Bxc3+ $11 11. Rxc3 dxc4) 11. Be2 {[#]} dxc4 $146 ({Predecessor:} 11... a6 12. O-O Rb8 13. Rfd1 dxc4 14. Qxc4 Bd7 15. Ne4 Qf5 16. Nc5 Be8 17. Bd3 Qd5 {1-0 (49) Carlsen,M (2863)-Sunilduth Lyna,N (2618) chess24.com INT 2020}) 12. Qxc4 Bd6 13. O-O Bd7 14. Ne4 Qe7 15. Rfd1 Rac8 16. Nc5 (16. Qc2 {seems wilder.} a6 17. Nfd2 Qe8 18. Nb3 Ne7 19. Na5) 16... Bxc5 17. Qxc5 Qxc5 18. Rxc5 Ne7 19. Ne5 Be8 20. Rdc1 c6 21. Ra5 a6 22. Rac5 Nd5 23. R5c2 Kf8 24. h4 g5 25. hxg5 hxg5 26. Nd3 Ke7 27. Nc5 Rb8 28. g3 f6 29. Bd3 Bh5 30. Kg2 Rh8 31. Be4 Bg4 32. Rh1 Rxh1 33. Kxh1 a5 34. Kg2 Bf5 35. Bxf5 exf5 $11 {[%mdl 4096] Endgame KRN-KRN} 36. Kf3 b6 37. Nd3 Kd6 38. g4 Ne7 39. gxf5 Nxf5 40. Kg4 Ne7 41. e4 Rh8 {With the idea ...Rh4+.} 42. f4 Rh4+ 43. Kg3 f5 44. fxg5 Rxe4 45. Nf4 (45. Ne5 $1 $11 {remains equal.}) 45... Rxd4 $17 46. Kf3 Ke5 $1 47. Re2+ (47. Nh5 $17) 47... Re4 $19 48. Nd3+ $2 (48. Rxe4+ $17 {keeps fighting.} fxe4+ 49. Kg4) 48... Kd4 49. Nf4 Rxe2 50. Nxe2+ {KN-KN} Ke5 51. Nf4 Nd5 (51... a4 $19 {is more deadly.} 52. Nd3+ Kd4) 52. Ng6+ Ke6 53. Nf4+ $2 {[%mdl 8192]} (53. a4 $17) 53... Kf7 $2 (53... Nxf4 54. Kxf4 a4) 54. Nd3 Kg6 55. Ne5+ Kxg5 56. Nxc6 Kf6 57. Ke2 Ke6 58. Kd3 Ne7 59. Nd4+ Kd5 (59... Ke5 $17 60. Nb3 Ng6) 60. b4 $1 $11 axb4 61. axb4 f4 {aiming for ...Nc6!} 62. Ne2 Ke5 {Strongly threatening ...f3.} 63. Nd4 Nf5 (63... Ng6 $1 $17 64. Nb5 Kf5 65. Nd6+ Kg4) 64. Nf3+ Kd5 {...Ne7 is the strong threat.} 65. Nd2 $2 {[%mdl 8192] [#]} (65. Ng5 $15) 65... Nd6 $1 $19 {[%cal Rd6f7]} 66. Nb1 Ne4 67. Ke2 Ng5 $2 (67... Ke5 $19 {Threatens to win with ...Kf5.} 68. Na3 Kf5) 68. Kd3 $1 $15 Nf7 (68... Ne6 $17 69. Nc3+ Ke5) 69. Nc3+ $11 Ke5 70. Na4 $2 {[%mdl 8192] Black converts the advantage convincingly.} (70. b5 $1 $11 {and White is okay.}) 70... b5 $19 71. Nc5 $2 (71. Nb6) 71... Kd5 72. Nb3 Ne5+ 73. Kc3 Ke4 {Black mates.} 74. Nd2+ Ke3 75. Nf1+ Ke2 76. Nh2 f3 77. Kd4 {[#]} Nc4 $1 78. Kc5 Na3 79. Kd4 f2 80. Kc3 f1=Q 81. Nxf1 Kxf1 {KN-KP} 82. Kb3 Nc4 83. Kc3 Ke2 84. Kd4 Kd2 85. Kc5 Na3 86. Kd4 Kc2 87. Ke4 Kc3 88. Ke5 Kxb4 89. Ke4 Kc3 90. Ke5 b4 91. Ke4 b3 92. Ke5 b2 93. Ke4 b1=Q+ 94. Ke5 Nc4+ 95. Kd5 Qf5+ 96. Kc6 Kb4 97. Kc7 Kc5 98. Kd8 Kd6 {[%cal Rf5f8]} 99. Ke8 Nb6 100. Kd8 Qf8# {Weighted Error Value: White=0.30/Black=0.33} 0-1

[Event "RUS-ch Rapid 2021"]
[Site "Sochi"]
[Date "2021.10.13"]
[Round "10.13"]
[White "Grachev, Boris"]
[Black "Obgolts, Erik"]
[Result "1-0"]
[WhiteElo "2615"]
[BlackElo "2430"]
[Annotator "TA"]
[PlyCount "161"]
[EventDate "2021.10.12"]
[EventType "swiss"]
[EventCountry "RUS"]
[SourceTitle "playchess.com"]
[Source "ChessBase"]
[SourceQuality "1"]

{[%evp 13,161,18,44,28,35,48,49,35,48,35,25,33,36,36,16,34,27,32,16,0,26,22,23,-8,21,0,74,0,163,150,162,154,181,196,203,207,206,207,208,225,258,155,128,122,324,308,378,154,296,129,114,114,124,116,120,0,113,119,113,8,189,93,91,61,55,0,0,0,0,0,0,0,0,0,0,0,0,0,0,0,0,0,0,0,0,0,0,0,0,0,0,0,0,0,0,0,0,0,0,0,0,0,195,176,262,267,966,938,897,593,1017,447,899,414,1018,727,700,686,2657,2421,29949,29944,29953,29948,5065,3571,29971,29974,29983,29984,29983,29975,29972,4688,29978,29979,29980,29981,29982,29983,29983,29981,29980,29981,29983,29984,29984,29985,29985,29986]} 1. Nf3 Nf6 2. c4 g6 3. Nc3 Bg7 4. g3 O-O 5. Bg2 d6 6. d4 c6 7. O-O Bf5 8. Ng5 {8.Ne1 is setting a new trend. E62: King's Indian: Fianchetto: 6...c6 and Panno Variation (6...Nc6) without ...a6.} e5 9. d5 h6 10. Nge4 {[#] White is slightly better.} Nxe4 $146 ({Predecessor:} 10... Ne8 11. c5 dxc5 12. Nxc5 Qe7 13. Be3 Nd6 14. dxc6 bxc6 15. Qa4 Rc8 16. Rfd1 Bf8 {1-0 (58) Kollars,D (2471)-Lubbe,M (2319) Lueneburg 2016}) 11. dxc6 Nxf2 12. cxb7 Nxd1 13. bxa8=Q Qb6+ 14. Kh1 Nf2+ {[#]} 15. Rxf2 $1 Qxf2 16. Qf3 $36 {[%mdl 2048] White fights for an advantage.} Qd4 17. e4 Be6 18. b3 (18. Bf1 $5 {[%cal Rc1e3]} Qb6 19. b3 $11) 18... f5 (18... d5 $5 19. cxd5 Bg4 $11) 19. Bb2 {And now Rd1 would win.} Qd2 (19... fxe4 $1 $11 20. Qxe4 Rf2) 20. Qe2 (20. Na4 $16) 20... Qg5 $2 (20... Qxe2 $11 {and Black stays safe.} 21. Nxe2 f4) 21. exf5 $18 gxf5 22. Rd1 e4 23. Rxd6 Bf7 24. Nd5 Bxd5 25. Rxd5 Bxb2 26. Qxb2 Qe3 {( -> ...Qe1+)} 27. Rd1 Nc6 28. b4 f4 $2 (28... Kf7 $16 {was worth a try.}) 29. gxf4 Qxf4 {If only Black now had time for ...Ne5....} 30. Rf1 (30. Rd7 Ne5 $11) (30. Rg1 $18 {has better winning chances.} Qf6 31. Qa3) 30... Qe3 (30... Qe5 $16 31. Rxf8+ Kxf8 32. Qxe5 Nxe5) 31. Rxf8+ (31. Rg1 $1 $18 {is the precise move to win.} Kh7 32. Qb1) 31... Kxf8 $16 32. Qf6+ {[%mdl 64] Double Attack} Kg8 33. Qg6+ Kf8 34. Qf6+ (34. Bxe4 $6 Qe1+ 35. Kg2 Qd2+ 36. Kg3 Qe1+ 37. Kh3 Qe3+ 38. Kh4 Qf4+ 39. Kh3 Qe3+ 40. Kh4 Qf4+ 41. Kh3 Qe3+ $11) 34... Kg8 35. h3 Nxb4 36. Qg6+ (36. Qe6+ $16 Kg7 37. Qe7+ (37. Bxe4 Qe1+ 38. Kh2 Qe2+ 39. Kg1 Qe1+ 40. Kh2 Qe2+ 41. Kg3 Qe3+ 42. Kg4 Qe2+ 43. Kg3 Qe3+ 44. Kh2 Qe2+ $16) 37... Kg8 38. Qe8+ (38. Qxb4 Qc1+ 39. Kh2 Qf4+ 40. Kh1 Qc1+ 41. Kh2 Qf4+ 42. Kh1 Qc1+ $11) (38. Bxe4 Qxh3+ 39. Kg1 Qg3+ 40. Kf1 Qf4+ 41. Kg2 Qg5+ 42. Qxg5+ hxg5 $11) (38. Qxe4 Qxe4 39. Bxe4 Nxa2 $11) 38... Kg7 39. Qe7+ (39. Bxe4 Qxh3+ 40. Kg1 Qg3+ 41. Kh1 Qh3+ 42. Kg1 Qg3+ 43. Kf1 Qh3+ 44. Kf2 Qh2+ 45. Ke3 Qg3+ 46. Kd2 Qd6+ 47. Kc3 Nxa2+ 48. Kb2 Nb4 $11) (39. Qxe4 Qxe4 40. Bxe4 Nxa2 $11) 39... Kg8 40. Qe6+ (40. Qxb4 Qc1+ 41. Kh2 Qf4+ 42. Kh1 Qc1+ 43. Kh2 Qf4+ 44. Kh1 Qc1+ $11) (40. Bxe4 Qxh3+ 41. Kg1 Qg3+ 42. Kh1 Qh3+ 43. Kg1 Qg3+ 44. Kh1 Qh3+ $11) (40. Qxe4 Qxe4 41. Bxe4 Nxa2 $11) 40... Kg7 41. Qe7+ (41. Bxe4 Qe1+ 42. Kh2 Qe2+ 43. Kg3 Qe3+ 44. Kh2 Qe2+ 45. Kg3 Qe3+ 46. Kh2 Qe2+ $16)) 36... Kh8 $2 (36... Kf8 $1 $11 {and Black has nothing to worry.}) 37. Qe8+ (37. Qxe4 Qxe4 38. Bxe4 Nxa2 $11) (37. Bxe4 $18 {[%csl Ge4][%cal Rg6h7] and White stays clearly on top.} Qe1+ 38. Kg2 Qe2+ 39. Kg3 Qe1+ 40. Kf3 Qf1+ 41. Ke3 Qe1+ 42. Kf4 Qf2+ 43. Kg4 Qg1+ 44. Kh5 Qxg6+ 45. Bxg6) 37... Kg7 38. Qe7+ $1 (38. Bxe4 $6 Qxh3+ 39. Kg1 Qg4+ 40. Kh2 Qh4+ 41. Kg2 Qg4+ 42. Kf2 Qf4+ 43. Kg2 Qg4+ 44. Kh2 Qh4+ 45. Kg1 Qg5+ 46. Kh2 Qh4+ $11) (38. Qxe4 Qxe4 39. Bxe4 Nxa2 $15) 38... Kg8 39. Qxb4 ({White should play} 39. Qe6+ $14 Kg7 40. Qe7+ (40. Bxe4 Qe1+ 41. Kh2 Qe2+ 42. Kg1 Qe1+ 43. Kg2 Qe2+ 44. Kg3 Qe3+ 45. Kg4 Qe2+ 46. Kg3 Qe3+ 47. Kg4 Qe2+ 48. Kg3 $16) 40... Kg8 41. Qe8+ (41. Qxb4 Qc1+ 42. Kh2 Qf4+ 43. Kh1 Qc1+ 44. Kh2 Qf4+ 45. Kh1 Qc1+ $11) (41. Bxe4 Qxh3+ 42. Kg1 Qg3+ 43. Kf1 Qf4+ 44. Ke2 Nxa2 $11) (41. Qxe4 Qxe4 42. Bxe4 Nxa2 $11) 41... Kg7 42. Qe7+ (42. Bxe4 Qxh3+ 43. Kg1 Qe3+ 44. Kh2 Qf2+ 45. Bg2 Qf4+ 46. Kh3 Qf5+ 47. Kh2 Qf4+ 48. Kh3 Qf5+ 49. Kh2 Qf4+ $11) (42. Qxe4 Qxe4 43. Bxe4 Nxa2 $11)) 39... Qc1+ $11 40. Kh2 Qf4+ 41. Kg1 Qe3+ 42. Kf1 Qd3+ 43. Kf2 Qd4+ 44. Ke1 {Black must now prevent Qb8+.} Qe3+ 45. Kf1 Qd3+ 46. Kf2 Qd4+ 47. Ke1 {Strongly threatening Qb8+.} Qe3+ 48. Kd1 Qg1+ {[%mdl 64] Double Attack} 49. Kc2 Qxg2+ {[%mdl 4160] Endgame Double Attack. KQ-KQ} 50. Qd2 Qf3 51. Qd5+ (51. h4 {with more complications.} Kf7 52. Qd5+ Kg6 53. h5+ Kf6 54. c5) 51... Kf8 52. Qa8+ Ke7 53. Qxa7+ Ke6 54. Qb6+ Ke5 55. Qc5+ (55. Qb5+ {is interesting.} Kf4 56. c5 Qf2+ 57. Kb3 e3 58. Qc4+) 55... Kf4 {Hoping for ...Qd3+.} 56. Qd6+ Kg5 $1 57. c5 e3 $2 {Black is on the road to losing.} (57... Qf2+ $11 58. Kb3 e3 59. Qe5+ Kh4 60. Qe7+ Kg3 61. Qe5+ Kh4 62. Qe7+ Kg3 63. Qe5+ Kh4) 58. Qe5+ Kh4 {[#]} (58... Kg6 {keeps fighting.}) 59. Kd3 $1 $18 Qd1+ $2 (59... e2+ 60. Kd2 Kxh3 61. Qxe2 Qc6) 60. Kxe3 Qe1+ 61. Kd4 Qa1+ 62. Ke4 (62. Kd5 $142 Qxa2+ 63. Kd6) 62... Qb1+ {[#]} (62... Qxa2 $142 63. Kf5 Qb3) 63. Kd5 $1 {White wants to mate with Qe4+.} Qxa2+ (63... Qb5 $142 64. Ke6 Qa4) 64. Kd6 Qd2+ 65. Qd5 Qf4+ 66. Kd7 Kxh3 67. c6 Qa4 68. Ke7 Qh4+ 69. Ke8 Qa4 70. Qd7+ Kg3 71. c7 Qe4+ 72. Kd8 Qh4+ 73. Kc8 (73. Qe7 $142 Qd4+ 74. Ke8 Qc4 75. Qd6+ Kf2 76. Ke7 Qe4+ 77. Qe6 Qb4+ 78. Kf7) 73... Qe4 74. Qd6+ {White mates.} Kf3 75. Kd7 Qg4+ 76. Qe6 Qg7+ 77. Kc6 Qc3+ 78. Kd6 Qb4+ 79. Kd7 Qd4+ 80. Ke8 Qh8+ 81. Ke7 {Weighted Error Value: White=0.24/Black=0.32} 1-0

[Event "RUS-ch Rapid 2021"]
[Site "Sochi"]
[Date "2021.10.13"]
[Round "10.14"]
[White "Zubritskiy, Artyom"]
[Black "Antipov, Mikhail Al."]
[Result "0-1"]
[WhiteElo "2442"]
[BlackElo "2619"]
[Annotator "TA"]
[PlyCount "88"]
[EventDate "2021.10.12"]
[EventType "swiss"]
[EventCountry "RUS"]
[SourceTitle "playchess.com"]
[Source "ChessBase"]
[SourceQuality "1"]

{[%evp 11,88,7,10,9,16,0,10,1,0,-27,-22,-29,-22,-24,-28,-37,-30,-31,-37,-48,-43,-55,9,8,12,8,6,9,2,0,9,0,0,0,0,0,0,0,0,-19,-2,-50,-23,-56,-27,-40,-38,-49,-47,-48,-49,-45,0,0,0,0,91,0,2,-63,-54,-517,-527,-520,-501,-506,-494,-581,-579,-579,-578,-568,-560,-579,-547,-525,-527,-576,-569]} 1. c4 g6 2. g3 c5 3. Bg2 Bg7 4. Nc3 d6 5. Nf3 Nc6 6. O-O Bf5 {6...e6 is a critical line.} 7. d3 {A37: Symmetrical English vs ...g6: 4 Bg2 Bg7 5 Nf3.} Qd7 8. Nd5 Nf6 9. Ng5 {The position is equal.} h6 {[#]} 10. Nxf6+ $146 (10. Nf3 {is more complex.} Bg4 11. a3 Rb8 12. Bd2 b5 13. b4) ({Predecessor:} 10. e4 Bg4 11. f3 hxg5 12. fxg4 Nxd5 13. exd5 Bd4+ 14. Kh1 Ne5 15. Bf3 f6 16. Qe2 {0-1 (40) Tenis,G (2031)-Wojtaszek,R (2749) Tallinn 2016}) 10... Bxf6 11. Ne4 Bg7 12. Rb1 Bh3 13. Be3 b6 14. Bxh3 Qxh3 15. f3 Qe6 {aiming for ...f5.} 16. Qd2 Bd4 (16... O-O-O $15) 17. Bxd4 $11 cxd4 18. b4 {[%cal Bb2b4,Bb4b5][%mdl 32]} f5 19. Nf2 Kf7 20. b5 Ne5 21. Qb2 Qf6 22. Ne4 Qg7 ({Avoid the trap} 22... fxe4 $2 23. fxe4 Rhf8 24. Rxf6+ exf6 25. Qxd4 $18) 23. Nd2 Nd7 24. f4 Rhe8 25. Nf3 e5 26. Rbd1 Nc5 27. Qd2 Rad8 28. Rfe1 Ne6 29. e3 dxe3 30. Rxe3 {[%cal Rf4e5]} exf4 31. gxf4 g5 32. fxg5 Nxg5 33. Kh1 Nh3 {[#]} (33... Qf6 $11) 34. Rf1 (34. Nd4 $1 $16 Qxd4 35. Rxh3) 34... Qg4 {[#]} 35. Rxe8 (35. Nd4 $1 $11 Rxe3 36. Rxf5+ (36. Qxe3 f4 $11) 36... Qxf5 37. Nxf5) 35... Rxe8 $15 36. Qxh6 $2 {[%mdl 8192] [#] This move loses the game for White.} (36. Ng1 $15) 36... Rg8 $1 $19 {[%csl Gg8][%cal Rg4g2] Black is clearly winning.} ({Not} 36... Re2 $2 {[#]} 37. Qxh3 $3 {[%mdl 512]} Qxh3 38. Ng5+ Kf6 39. Nxh3 $18) 37. Qh7+ Rg7 {[%csl Gg7][%cal Rg4g2]} 38. Ng5+ Nxg5 39. Rxf5+ Ke6 40. Qxg7 {Rf6+ would kill now.} Qxf5 {[%cal Rf5f1]} 41. Qg8+ Nf7 42. Qe8+ Kf6 {[%cal Rf5f1]} 43. Qe2 Ne5 44. Kg2 Nxd3 {Weighted Error Value: White=0.38/Black=0.12} 0-1